000 00844nas a2200289 4500
001 BR0601199
003 BR-BrBNA
005 20231205105906.0
007 ta
008 230509b bl.|||p| |||| 00| 00por d
040 _aBR-BrBNA
_bpor
_cBiblioteca Nacional de Agricultura
041 _a(Pt)
072 _aP35; H60
100 1 _aColina, L.A.P.
100 1 _aSouza, I.F. de
100 1 _aGuilherme, L.R.G.
100 1 _aBueno Filho, J.S. de S.
245 1 _aPersistência biológica de ametryn, diuron e oxyfluorfen no solo
650 _aAVENA SATIVA
650 _aAVEIA
650 _aLIXIVIAÇÃO
650 _aHERBICIDA
650 _aESTUFA
773 0 _tCiência e Agrotecnologia (Brazil)
_xISSN 1413-7054
_g(Sep-Oct 2005), v. 29(5) p. 980-987
_wBR0601199
909 _a202311
_bLúcia
_c55
_dLúcia Elande
942 _2AGRIS
_n0
_cANA
999 _c185224
_d185224